000 00369nam a22001457a 4500
003 OSt
005 20160727222456.0
008 160705b xxu||||| |||| 00| 0 eng d
040 _cTEST
100 _92173
_a Suman, S
245 _aIndian Tales and Folk Tales
260 _aN.D
_b Children Books Trust
_c2003
300 _aIndian Tales and Folk Tales
942 _2ddc
_cBK
999 _c1864
_d1864